00188nam a2200073Ia 4500082000800000245002600008100003900034008004100073 aFRE 0aSeasons of the heart  a FREEMAN, Cynthia London, 1986 210817s9999 xx 000 0 und d